000 00627nam a2200253Ia 4500
003 OSt
005 20231101094834.0
008 210327s9999||||xx |||||||||||||| ||und||
040 _cSTCPL
041 _aENG
082 _a512
_bBRA-A
100 _aNand, Brahma
100 _aTyagi, B. S.
100 _aSharma, Bhu Dev
245 0 _aAlgebra /
_cby Brahma Nand, B. S. Tyagi and Bhu Dev Sharma
250 _a6th ed.
260 _aMeerut :
_bKedar Nath Ram nath Publishers,
_c1976.
300 _a304 p.
_bHB
650 _aAlgebra
650 _aMathematics
650 _aVector algebra
942 _cBK
942 _2ddc
999 _c23901
_d23901